Szczegóły MARC21

Słownik współczesnych pisarzy polskich. Seria 2. T. 1, A-K /

003 -Nazwa inst., której nr kontr. jest w polu 001 [,]
    • @
    • Nazwa instytucji, której n kontrolny jest w polu 001
    • NUKAT
005 -DATA I CZAS OSTATNIEJ MODYFIKACJI [,]
    • @
    • pole kontrolne
    • 20241231092728.0
040 -Instytucja sporządzająca opis [ , ]
    • a
    • Instytucja, która sporządziła opis (NP)
    • GD U/AP
    • c
    • Instytucja, która sporządziła rekord (NP)
    • GD U/AP
    • d
    • Instytucja, która zmodyfikowała rekord (P)
    • GD U/ISSs
    • d
    • Instytucja, która zmodyfikowała rekord (P)
    • WR O/KSs
    • d
    • Instytucja, która zmodyfikowała rekord (P)
    • OLSZT 003/bak
942 -Rodzaj dokumentu [ , ]
    • c
    • Rodzaj dokumentu
    • Książka
245 -Strefa tytułu i oznaczenia odpowiedzialności [0,0]
    • a
    • Tytuł
    • Słownik współczesnych pisarzy polskich. Find
    • n
    • Oznaczenie części (P)
    • Seria 2.
    • n
    • Oznaczenie części (P)
    • T. 1,
    • p
    • Nazwa części (P)
    • A-K /
    • c
    • Pozostałe elementy strefy tytułu i oznaczenia odpowiedzialności (NP)
    • oprac. zespół pod red. Jadwigi Czachowskiej ; [zespół aut.: Maria Brykalska et al.].
260 -Strefa adresu wydawniczego [ , ]
    • a
    • Miejsce wydania (P)
    • Warszawa :
    • b
    • Nazwa wydawcy (P)
    • Państwowe Wydawnictwo Naukowe,
    • c
    • Data wydania (P)
    • 1977.
300 -Strefa opisu fizycznego [ , ]
    • a
    • Określenie formy książki i/lub objętość (NP)
    • 580 s. ;
    • c
    • Format (NP)
    • 25 cm.
336 -Typ zawartości [ , ]
    • a
    • Termin opisujący typ zawartości
    • Tekst
    • b
    • Kod określający zawartość
    • txt
    • 2
    • Źródło (terminu i kodu)
    • rdacontent
337 -Typ mediów [ , ]
    • a
    • Tryb odtwarzania
    • Bez urządzenia pośredniczącego
    • b
    • Kod typu mediów
    • n
    • 2
    • Źródło (terminu i kodu)
    • rdamedia
338 -Typ/rodzaj nośnika [ , ]
    • a
    • Hasło opisujące typ nośnika
    • Wolumin
    • b
    • Kod typu nośnika
    • nc
    • 2
    • Źródło (terminu i kodu)
    • rdacarrier
490 -Strefa serii i książki wielotomowej - forma nie do wyszukiwania [1, ]
    • a
    • Tytuł (P)
    • Bibliografia literatury polskiej "Nowy Korbut" / Polska Akademia Nauk. Instytut Badań Literackich Find
830 -Hasło dodatkowe serii i opisu książki wielotomowej - tytuł ujednolicony/tytuł [ ,0]
    • a
    • Tytuł ujednolicony/tytuł (NP)
    • Bibliografia literatury polskiej "Nowy Korbut"
    • 9
    • KHW
    • 59031
650 -Hasło przedmiotowe [ ,7]
    • a
    • Hasło przedmiotowe
    • Pisarze polscy
    • y
    • Określnik chronologiczny
    • 20 w.
    • v
    • Określnik formalny
    • biografie
    • v
    • Określnik formalny
    • słowniki.
    • 2
    • Źródło terminu
    • kaba
    • 9
    • KHW
    • 375332
650 -Hasło przedmiotowe [ ,7]
    • a
    • Hasło przedmiotowe
    • Literatura polska
    • y
    • Określnik chronologiczny
    • 1945-1970
    • v
    • Określnik formalny
    • biobibliografia.
    • 2
    • Źródło terminu
    • kaba
    • 9
    • KHW
    • 389626
700 -Hasło dodatkowe - nazwa osobowa [1, ]
    • a
    • Nazwa osobowa (NP)
    • Czachowska, Jadwiga Find
    • d
    • Daty biograficzne (NP)
    • (1922-2013).
    • e
    • Określenie rodzaju współpracy
    • Red.
    • 9
    • KHW
    • 9178
700 -Hasło dodatkowe - nazwa osobowa [1, ]
    • a
    • Nazwa osobowa (NP)
    • Brykalska, Maria Find
    • d
    • Daty biograficzne (NP)
    • (1920-1994).
    • 9
    • KHW
    • 84322
710 -Hasło dodatkowe - nazwa ciała zbiorowego [2, ]
    • a
    • Nazwa ciała zbiorowego lub nazwa geograficzna jako pierwszy element (NP)
    • Państwowe Wydawnictwo Naukowe (1951-1992).
    • 4
    • Kod relacji
    • pbl
    • 9
    • KHW
    • 52048
Sygnatura Status udost. Numer tomu Obwoluta Data inwentaryzacji Powiązanie z serią Lokalizacja Numer inwentarzowy
 1T.1 A-K  Seria 2BGZ.28454
 1T.1 A-K  Seria 2BGZ.28459
 1T.1 A-K  Seria 2BGZ.28452
 1T.1 A-K1 Seria 2BGZ.28453
 1T.1 A-K  Seria 2BGZ.28455
 1T.1 A-K  Seria 2BGZ.28456
 1T.1 A-K  Seria 2BGZ.28457
 1T.1 A-K  Seria 2BGZ.28458
 1T.1 A-K 2019-09-18Seria 2BMQ.3276
 1T.1 A-K  Seria 2BMP.1044
LXXI/691T.1 A-K  Seria 2BMR.678